Algebra out loud : learning mathematics through reading and writing activities
| Main Author: | |
|---|---|
| Format: | Book |
| Language: | English |
| Published: |
San Francisco :
Jossey-Bass ,
2003
|
| Subjects: |
MARC
| LEADER | 00000cam a2200000 7i4500 | ||
|---|---|---|---|
| 001 | 0000023535 | ||
| 005 | 20111010.0 | ||
| 008 | 111007s -usa eng | ||
| 020 | |a 0787968986 | ||
| 040 | |a INS | ||
| 090 | 0 | 0 | |a QA159 |b M64 2003 |
| 100 | 1 | |a Mower, Pat | |
| 245 | 1 | 0 | |a Algebra out loud : learning mathematics through reading and writing activities |c Pat Mower |
| 260 | |a San Francisco : |b Jossey-Bass , |c 2003 | ||
| 300 | |a xi,228p. : |b ill. ; |c 27cm. | ||
| 650 | 0 | |a Algebra |x Study and teaching (Secondary) |x Activity programs | |
| 999 | |a 1000000191 |b BOOK |c Open Shelf |e Default branch | ||